Ugly Christmas Sweater Party Quiz Stats

Quiz Updated Dec 15, 2012

Challenge
Share
Tweet
Score 0/16 Timer 05:00
2 Plays Today
Show/Movie % Correct
Harry Potter and the Sorcerer's Stone
98.6%
Family Guy
94.1%
Ugly Betty
92.2%
How the Grinch Stole Christmas
91.5%
The Cosby Show
85.2%
The Santa Clause 3
81.5%
Step Brothers
72.2%
Modern Family
71.9%
Show/Movie % Correct
Saturday Night Live
65.9%
Roseanne
65.2%
30 Rock
61.4%
Murder, She Wrote
56.6%
It's Always Sunny in Philadelphia
47.4%
The OC
40.3%
Community
36.4%
Bridget Jones's Diary
19.7%

You're not logged in!

Compare scores with friends on all Sporcle quizzes.
Sign Up with Email
OR
Log In

You Might Also Like...

Show Comments

Extras

Top Quizzes Today


Score Distribution

Your Account Isn't Verified!

In order to create a playlist on Sporcle, you need to verify the email address you used during registration. Go to your Sporcle Settings to finish the process.